Statistics for Countries With No Airport

Click here to take the quiz!

General Stats

  • This quiz has been taken 51 times
  • The average score is 5 of 5

Answer Stats

Answer% Correct
Monaco
98%
Vatican City
96%
Liechtenstein
94%
San Marino
94%
Andorra
91%

Score Distribution

Percentile by Number Answered

Percent of People with Each Score

Your Score History

You have not taken this quiz